00675nam a2200193Ia 4500003000900000008004100009020001800050040001600068080001300084100002500097245013900122260005100261300001000312650002800322650001900350942000700369999001500376952009000391IN-BaIIA211028s9999 xx 000 0 eng d a81-900037-0-4 cIIA Library a624bRAI aRaikar, R. N.915966 0aLearning from failuresbdeficiencies in design, construction and servicecR. N. Raikar  aBombaybR & D Centre Structwel Designersc1987 a423p. aCivil engineering95496 aNASA Thesaurus cBK c9478d9478 00104070aBANbBANcGENd0000-00-00l0o624/ RAIp10388r2021-11-05w0000-00-00yBK